000 00922nam a2200217Ii 4500
003 JO-AjNU
008 230605s9999||||xx |||||||||||||| ||und||
017 _a2012/9/3649
040 _aJO-AjNU
_bara
_erda
_cJO-AjNU
041 _aara
050 1 4 _aGT2402.J6.K363 2013
100 3 _a تاليف الكناني، محمود بن عقلة بني كنانة؛ تقديم الكناني، اشرف بن محمود بن عقلة بني كنانة، تقديم وتقريض بني ياسين، اسماعيل احمد,
_eauthor
_948014
245 0 0 _aالريحان المنعش في إرث القبائل المؤنس
250 _aط1
264 3 1 _a عمان: المؤلف، 2013
300 _a180ص
336 _atext
_btxt
_2rdacontent
337 _aunmediated
_bn
_2rdamedia
338 _avolume
_bnc
_2rdacarrier
650 4 _aالادب الشعبي-الثراث- القضاء- القبائل العربية
_948015
999 _aA20999
_c24567
_d24567